DVD tự truyện Trần Văn Khê : Những Câu chuyện từ trái tim
Guardado en:
| Autor principal: | |
|---|---|
| Formato: | Libro |
| Lenguaje: | Undetermined |
| Publicado: |
Tp. Hồ Chí Minh
Trẻ
2012
|
| Materias: | |
| Etiquetas: |
Agregar Etiqueta
Sin Etiquetas, Sea el primero en etiquetar este registro!
|
| Thư viện lưu trữ: | Trung tâm Học liệu Trường Đại học Cần Thơ |
|---|
| LEADER | 00663nam a2200205Ia 4500 | ||
|---|---|---|---|
| 001 | CTU_181955 | ||
| 008 | 210402s9999 xx 000 0 und d | ||
| 082 | |a 780.92 | ||
| 082 | |b Kh250 | ||
| 100 | |a Trần, Văn Khê | ||
| 245 | 0 | |a DVD tự truyện Trần Văn Khê : | |
| 245 | 0 | |b Những Câu chuyện từ trái tim | |
| 245 | 0 | |c Người đọc Trần Văn Khê | |
| 260 | |a Tp. Hồ Chí Minh | ||
| 260 | |b Trẻ | ||
| 260 | |c 2012 | ||
| 650 | |a Vietnamese musician,Nhạc sĩ Trần Văn Khê | ||
| 650 | |x Biography,Tiểu sử | ||
| 910 | |a Nguyên | ||
| 980 | |a Trung tâm Học liệu Trường Đại học Cần Thơ | ||